Statistics for Famous People who Went Missing

Click here to take the quiz!

General Stats

  • This quiz has been taken 125 times
  • The average score is 5 of 11

Answer Stats

LifeHintPerson% Correct
1897–1937First woman to fly across the Atlantic unaccompaniedAmelia Earhart
94%
1872–1928Norwegian explorer of polar regionsRoald Amundsen
65%
1938–1961Great grandson of Standard Oil co-founderMichael Rockefeller
58%
1913–1975Labor union leader of the TeamstersJimmy Hoffa
53%
2003–20073-year-old British girl who went missing in PortugalMadeleine McCann
41%
1565–1611English explorer of North AmericaHenry Hudson
33%
19??–1971Unidentified hijacker of Northwest Orient Flight 305D.B. Cooper
29%
1900–1944Writer of The Little PrinceAntoine de Saint-Exupéry
26%
1908–196717th prime minister of AustraliaHarold Holt
23%
1450–1500Italian explorer of North AmericaJohn Cabot
20%
1986–2005American girl who mysteriously disappeared in ArubaNatalee Holloway
20%

Score Distribution

Percentile by Number Answered

Percent of People with Each Score

Your Score History

You have not taken this quiz